000
00229nam a22000977a 4500
008
140109t xxu||||| |||| 00| 0 eng d
100
_a
Muhammad ibn `Isa at-Tirmidhi
_9
608
245
_a
Jamia Tarmizi
300
_a
500
942
_2
ddc
_c
BK
999
_c
16871
_d
16871